00313 2200145 4500001002100000005001500021035002000036245002200056100001200078300001200090260003100102082000800133084001400141990001200155INLIS00000000000232320250528093226 a0010-05250006151 aSekayu /cNH Dini0 aNH Dini a457 hlm aJakarta :bGramedia,c2003 a813 a813 NH s a0713399